Statistics for City by Tallest Building

Click here to take the quiz!

General Stats

  • This quiz has been taken 16 times
  • The average score is 9 of 12

Answer Stats

Answer% Correct
Chicago
100%
London
100%
Paris
100%
Toronto
100%
Kuala Lumpur
93%
Taipei
93%
Shanghai
79%
Moscow
71%
Seoul
71%
San Francisco
57%
Frankfurt
50%
Santiago
21%

Score Distribution

Percentile by Number Answered

Percent of People with Each Score

Your Score History

You have not taken this quiz